[Event "Dulles Cherry Blossom op 10th"]
[Site "Dulles"]
[Date "2023.05.29"]
[Round "9"]
[White "Ouellet, Maili Jade"]
[Black "Shoykhet, Benjamin Effron"]
[Result "1-0"]
[WhiteElo "2246"]
[BlackElo "1919"]
[PlyCount "117"]
[EventDate "2023.05.24"]
[EventType "swiss"]
[EventRounds "9"]
[EventCountry "USA"]
[SourceTitle "CBM 214 Extra"]
[Source "ChessBase"]
[SourceDate "2023.07.31"]
[SourceVersion "1"]
[SourceVersionDate "2023.07.31"]
[SourceQuality "1"]

1. d4 d5 2. c4 dxc4 3. e4 e5 4. Nf3 Bb4+ 5. Nc3 exd4 6. Nxd4 Ne7 7. Bxc4 0-0 8. 0-0 a6 9. Be3 b5 10. Be2 Bb7 11. Qc2 c5 12. Nb3 c4 13. Nc5 Bxc5 14. Bxc5 Qc7 15. Be3 Nd7 16. Rac1 Nc5 17. b4 Ne6 18. Rfd1 Rfd8 19. a4 Qe5 20. Bf1 Nc6 21. Nd5 Ncd4 22. Bxd4 Nxd4 23. Qc3 Nc6 24. axb5 axb5 25. Qxe5 Nxe5 26. Nc7 Rxd1 27. Rxd1 Rb8 28. Nxb5 Bxe4 29. Nd6 Bd3 30. b5 g5 31. Rc1 Rd8 32. f4 gxf4 33. Nxc4 Rc8 34. Nxe5 Rxc1 35. Nxd3 Rb1 36. Nxf4 Kf8 37. Kf2 Ke7 38. Bd3 Rb2+ 39. Kf3 Kd6 40. h4 h6 41. Kg4 Ke5 42. g3 Kf6 43. Bc4 Rc2 44. Bd5 Rb2 45. Bc6 Rb3 46. b6 Ke7 47. b7 Kd6 48. Bd5 Rb6 49. Kf5 Kc7 50. Be4 Rd6 51. Nd3 Rg6 52. Nc5 Rb6 53. b8Q+ Kxb8 54. Nd7+ Kc7 55. Nxb6 Kxb6 56. Kf6 Kc5 57. Kxf7 Kd4 58. Bf3 Ke3 59. Bd1 1-0

[Event "Dulles Cherry Blossom op 10th"]
[Site "Dulles"]
[Date "2023.05.26"]
[Round "3"]
[White "Slade, Theodore"]
[Black "Shoykhet, Benjamin Effron"]
[Result "1-0"]
[WhiteElo "2021"]
[BlackElo "1919"]
[PlyCount "71"]
[EventDate "2023.05.24"]
[EventType "swiss"]
[EventRounds "9"]
[EventCountry "USA"]
[SourceTitle "CBM 214 Extra"]
[Source "ChessBase"]
[SourceDate "2023.07.31"]
[SourceVersion "1"]
[SourceVersionDate "2023.07.31"]
[SourceQuality "1"]

1. d4 Nf6 2. c4 e6 3. g3 d5 4. Bg2 Be7 5. Nf3 0-0 6. 0-0 dxc4 7. Qc2 a6 8. a4 Bd7 9. Qxc4 Bc6 10. Bf4 Bd6 11. Nc3 Bxf4 12. gxf4 Qd6 13. Ne5 Bxg2 14. Kxg2 Nd5 15. e3 a5 16. Ne4 Qe7 17. Nc5 Na6 18. Nxb7 Rfb8 19. Nxa5 Rxb2 20. Qc1 Qb4 21. Nd3 Qd2 22. Qxb2 Nxe3+ 23. Kg1 Nxf1 24. Qb7 Rd8 25. Qxa6 Qe2 26. Re1 Qf3 27. Ne5 Qxf4 28. Rxf1 h5 29. Nac6 Rxd4 30. Nxd4 Qxd4 31. Qa8+ Kh7 32. Nxf7 Kg6 33. Nd8 c6 34. Qxc6 Qxd8 35. Qxe6+ Kh7 36. Qf5+ 1-0

[Event "Chesterfield SPICE Cup op"]
[Site "Chesterfield"]
[Date "2022.12.22"]
[Round "8"]
[White "Shoykhet, Benjamin Effron"]
[Black "Lee, Alice"]
[Result "0-1"]
[WhiteElo "1937"]
[BlackElo "2292"]
[PlyCount "66"]
[EventDate "2022.12.18"]
[EventType "swiss"]
[EventRounds "9"]
[EventCountry "USA"]
[SourceTitle "CBM 212 Extra"]
[Source "ChessBase"]
[SourceDate "2023.03.31"]
[SourceVersion "1"]
[SourceVersionDate "2023.03.31"]
[SourceQuality "1"]

1. c4 c6 2. g3 d5 3. Bg2 Nf6 4. Nf3 Bf5 5. 0-0 e6 6. d4 h6 7. b3 Be7 8. Bb2 0-0 9. Nbd2 Nbd7 10. Ne5 Rc8 11. Rc1 Rc7 12. Nxd7 Qxd7 13. f3 c5 14. e4 dxe4 15. Nxe4 cxd4 16. Bxd4 Nxe4 17. fxe4 Bg4 18. Qxg4 Qxd4+ 19. Kh1 Qb2 20. Qf4 Rd7 21. Rf2 Qd4 22. Rcf1 Bc5 23. g4 Bd6 24. Qf3 Qe5 25. Bh3 Bc7 26. g5 hxg5 27. Rg2 Rd4 28. Qh5 f6 29. Bg4 Rxe4 30. Rg3 f5 31. Bh3 g4 32. Bg2 Re1 33. Qg6 Qe2 0-1

[Event "Chesterfield SPICE Cup op"]
[Site "Chesterfield"]
[Date "2022.12.20"]
[Round "4"]
[White "Shoykhet, Benjamin Effron"]
[Black "Liu, Aiden Q"]
[Result "0-1"]
[WhiteElo "1937"]
[BlackElo "1955"]
[PlyCount "186"]
[EventDate "2022.12.18"]
[EventType "swiss"]
[EventRounds "9"]
[EventCountry "USA"]
[SourceTitle "CBM 212 Extra"]
[Source "ChessBase"]
[SourceDate "2023.03.31"]
[SourceVersion "1"]
[SourceVersionDate "2023.03.31"]
[SourceQuality "1"]

1. c4 c6 2. g3 d5 3. Bg2 Nf6 4. Nf3 g6 5. 0-0 Bg7 6. d4 0-0 7. b3 Bf5 8. Nbd2 Ne4 9. Bb2 Nd7 10. Nh4 Nxd2 11. Qxd2 Be6 12. e4 dxc4 13. d5 cxd5 14. Bxg7 Kxg7 15. exd5 Nf6 16. bxc4 b6 17. Qe3 Bd7 18. d6 exd6 19. Bxa8 Qxa8 20. Rfd1 Re8 21. Qc3 Qc6 22. Rd3 Re5 23. Qd4 Re4 24. Qxd6 Qxc4 25. Nf3 Qc2 26. Ng5 Re2 27. Rf3 Qb2 28. Rf1 Bg4 29. Ra3 h6 30. Nf3 Bh3 31. Nd4 Bxf1 32. Rf3 Ne8 33. Qd5 Qxa2 34. Rxf7+ Kg8 35. Nb3 Re5 36. Rg7+ Kxg7 37. Qxe5+ Kh7 38. Kxf1 Qxb3 39. Qxe8 Qc4+ 40. Kg1 Qc1+ 41. Kg2 Qc7 42. Qb5 Qb7+ 43. Kg1 a6 44. Qb4 a5 45. Qb5 Qa7 46. Qa4 Qe7 47. Kg2 Qd6 48. h4 Kg7 49. Qb5 Kf6 50. Qb2+ Kf7 51. Qb3+ Ke7 52. Qe3+ Kd7 53. Qxh6 b5 54. Qg7+ Kc6 55. Qc3+ Kb6 56. Qe3+ Qc5 57. Qf4 Qc6+ 58. Kh2 b4 59. Qe3+ Kb5 60. Qe2+ Kb6 61. Qe3+ Qc5 62. Qe6+ Kb5 63. Qe2+ Qc4 64. Qe8+ Kc5 65. Qe5+ Qd5 66. Qc7+ Kd4 67. Qf4+ Kc3 68. Qc1+ Kd3 69. Qd1+ Kc4 70. Qc1+ Kb3 71. Qb1+ Ka3 72. Qc1+ Ka4 73. Qa1+ Kb5 74. Qf1+ Qc4 75. Qb1 b3 76. Qxg6 b2 77. Qe8+ Kb4 78. Qe1+ Qc3 79. Qe4+ Ka3 80. Qe7+ Ka2 81. Qe2 Ka1 82. Qd1+ b1Q 83. Qa4+ Qa2 84. Qd1+ Kb2 85. Qe2+ Ka3 86. Qe7+ Qb4 87. Qe3+ Qab3 88. Qc1+ Qb2 89. Qe3+ Ka2 90. Qe6+ Q4b3 91. Qf5 a4 92. h5 Ka1 93. h6 Q3c2 0-1

[Event "Chesterfield SPICE Cup op"]
[Site "Chesterfield"]
[Date "2022.12.18"]
[Round "1"]
[White "Peycheva, Gergana"]
[Black "Shoykhet, Benjamin Effron"]
[Result "1-0"]
[WhiteElo "2317"]
[BlackElo "1937"]
[PlyCount "79"]
[EventDate "2022.12.18"]
[EventType "swiss"]
[EventRounds "9"]
[EventCountry "USA"]
[SourceTitle "CBM 212 Extra"]
[Source "ChessBase"]
[SourceDate "2023.03.31"]
[SourceVersion "1"]
[SourceVersionDate "2023.03.31"]
[SourceQuality "1"]

1. d4 d5 2. c4 dxc4 3. e3 Nf6 4. Bxc4 e6 5. Nf3 c5 6. 0-0 a6 7. a4 Nc6 8. Qe2 Be7 9. Rd1 0-0 10. Nc3 Qc7 11. b3 b6 12. Bb2 Na5 13. d5 exd5 14. Nxd5 Nxd5 15. Bxd5 Bb7 16. Be5 Qc8 17. Bxb7 Qxb7 18. Qb2 f6 19. Bc3 Nc6 20. Nh4 Rfd8 21. Nf5 Bf8 22. Qe2 Qf7 23. Qg4 Kh8 24. Qc4 Qxc4 25. bxc4 Rxd1+ 26. Rxd1 Rd8 27. Rxd8 Nxd8 28. Kf1 Nb7 29. Ke2 Nd6 30. Nxd6 Bxd6 31. Kd3 Bxh2 32. Ke4 h5 33. Kd5 Bg1 34. Kc6 Bxf2 35. Kxb6 Bxe3 36. Kxa6 Bd4 37. Be1 g5 38. Kb7 h4 39. a5 g4 40. Bxh4 1-0

[Event "Clayton SPICE Cup op"]
[Site "Clayton"]
[Date "2021.10.22"]
[Round "9"]
[White "Shoykhet, Benjamin Effron"]
[Black "Amburgy, Ryan"]
[Result "0-1"]
[WhiteElo "1782"]
[BlackElo "2103"]
[PlyCount "118"]
[EventDate "2021.10.17"]
[EventType "swiss"]
[EventRounds "9"]
[EventCountry "USA"]
[SourceTitle "CBM 204 Extra"]
[Source "ChessBase"]
[SourceDate "2021.11.30"]
[SourceVersion "1"]
[SourceVersionDate "2021.11.30"]
[SourceQuality "1"]

1. c4 e5 2. g3 Nf6 3. Bg2 d5 4. cxd5 Nxd5 5. Nc3 Nb6 6. e3 Nc6 7. Nge2 Be7 8. 0-0 0-0 9. f4 exf4 10. Nxf4 Ne5 11. d4 Ng4 12. h3 Nf6 13. e4 c6 14. b3 Bb4 15. Bb2 Re8 16. Qd3 Be6 17. d5 cxd5 18. exd5 Bxc3 19. Qxc3 Rc8 20. Qd4 Nbxd5 21. Nxd5 Bxd5 22. Bxd5 Qxd5 23. Qxa7 Qd3 24. Qxb7 Qxg3+ 25. Qg2 Qxg2+ 26. Kxg2 Re2+ 27. Rf2 Rxf2+ 28. Kxf2 Rc2+ 29. Kg1 Rxb2 30. a4 Rxb3 31. a5 Rb7 32. a6 Ra7 33. Rb1 h5 34. Rb8+ Kh7 35. Rf8 Kg6 36. Rb8 Rxa6 37. Rb5 Ne4 38. h4 Ra3 39. Re5 Rg3+ 40. Kh2 Rg4 41. Kh3 Nd2 42. Rd5 Nc4 43. Rd3 f5 44. Rf3 f4 45. Rb3 Rg3+ 46. Rxg3+ fxg3 47. Kxg3 Kf5 48. Kf3 Ne5+ 49. Kg3 Ke4 50. Kh3 Kf4 51. Kh2 Kg4 52. Kg2 Kxh4 53. Kh2 g5 54. Kg2 g4 55. Kh2 g3+ 56. Kg2 Kg4 57. Kg1 Kf3 58. Kf1 Nd3 59. Kg1 g2 0-1

[Event "Clayton SPICE Cup op"]
[Site "Clayton"]
[Date "2021.10.21"]
[Round "7"]
[White "Shoykhet, Benjamin Effron"]
[Black "Yanayt, Eugene"]
[Result "1-0"]
[WhiteElo "1782"]
[BlackElo "2034"]
[PlyCount "65"]
[EventDate "2021.10.17"]
[EventType "swiss"]
[EventRounds "9"]
[EventCountry "USA"]
[SourceTitle "CBM 204 Extra"]
[Source "ChessBase"]
[SourceDate "2021.11.30"]
[SourceVersion "1"]
[SourceVersionDate "2021.11.30"]
[SourceQuality "1"]

1. c4 e5 2. g3 Nc6 3. Bg2 f5 4. Nc3 Nf6 5. d3 Bb4 6. Bd2 0-0 7. a3 Bxc3 8. Bxc3 d6 9. Nf3 Qe8 10. Qd2 e4 11. Ng5 h6 12. Nh3 Ng4 13. dxe4 Nge5 14. Qc2 fxe4 15. Qxe4 Bf5 16. Qe3 Qd7 17. Nf4 Rae8 18. Bd5+ Kh7 19. Qd2 g5 20. Nh5 Nd3+ 21. Kf1 Bh3+ 22. Kg1 Nxf2 23. Nf6+ Rxf6 24. Bxf6 Nxh1 25. Rf1 Bf5 26. Bxg5 hxg5 27. Qxg5 Bg6 28. Qh4+ Kg7 29. Qf6+ Kh7 30. Rf4 Re5 31. Rh4+ Bh5 32. Bf7 Ne7 33. Bxh5 1-0

[Event "Clayton SPICE Cup op"]
[Site "Clayton"]
[Date "2021.10.20"]
[Round "6"]
[White "Chen, Jonathan"]
[Black "Shoykhet, Benjamin Effron"]
[Result "1-0"]
[WhiteElo "2302"]
[BlackElo "1782"]
[PlyCount "89"]
[EventDate "2021.10.17"]
[EventType "swiss"]
[EventRounds "9"]
[EventCountry "USA"]
[SourceTitle "CBM 204 Extra"]
[Source "ChessBase"]
[SourceDate "2021.11.30"]
[SourceVersion "1"]
[SourceVersionDate "2021.11.30"]
[SourceQuality "1"]

1. d4 Nf6 2. c4 c5 3. d5 e6 4. Nc3 exd5 5. cxd5 d6 6. Nf3 g6 7. Bf4 Bg7 8. Qa4+ Bd7 9. Qb3 b5 10. Bxd6 Qb6 11. Be5 0-0 12. e3 c4 13. Qd1 b4 14. Ne2 Bb5 15. Bxf6 Bxf6 16. Ned4 Qb7 17. Rc1 Qxd5 18. Nxb5 Qxb5 19. Bxc4 Qa5 20. Qd5 Qxd5 21. Bxd5 Nd7 22. Bxa8 Rxa8 23. Rc2 Nb6 24. 0-0 Rd8 25. e4 Re8 26. Re1 Nd7 27. Rc7 Ne5 28. Nxe5 Bxe5 29. Rc2 f5 30. exf5 Bxh2+ 31. Kf1 Rxe1+ 32. Kxe1 gxf5 33. Rc5 Kf7 34. Rxf5+ Kg6 35. Ra5 Bb8 36. Ra4 Bc7 37. Rxa7 Be5 38. b3 h5 39. Ra6+ Kf5 40. Ra5 Ke4 41. f3+ Kd4 42. Rxe5 Kxe5 43. g3 Kd5 44. Ke2 Ke5 45. Ke3 1-0

[Event "Saint Louis SPICE Cup op 12th"]
[Site "Saint Louis"]
[Date "2018.10.28"]
[Round "9"]
[White "Shoykhet, Benjamin Effron"]
[Black "Betaneli, Aleksandr"]
[Result "0-1"]
[WhiteElo "1855"]
[BlackElo "2272"]
[PlyCount "118"]
[EventDate "2018.10.23"]
[EventType "swiss"]
[EventRounds "9"]
[EventCountry "USA"]
[SourceTitle "CBM 187 Extra"]
[Source "ChessBase"]
[SourceDate "2018.11.04"]
[SourceVersion "1"]
[SourceVersionDate "2018.11.04"]
[SourceQuality "1"]

1. c4 e6 2. g3 d5 3. Bg2 Nf6 4. Nf3 Be7 5. 0-0 0-0 6. d4 c6 7. b3 b6 8. Bb2 a5 9. a3 Nbd7 10. Nbd2 Bb7 11. Qc2 Rc8 12. Rad1 c5 13. Qb1 Rc7 14. Qa1 Qa8 15. Rfe1 a4 16. cxd5 exd5 17. Ne5 axb3 18. dxc5 bxc5 19. Nxd7 Rxd7 20. Bh3 Rdd8 21. Nxb3 Qa4 22. Bxf6 gxf6 23. Rb1 Qa7 24. Qc3 d4 25. Qd3 Qa6 26. Qxa6 Bxa6 27. Na5 Rd6 28. Nb7 Rc6 29. Na5 Rc7 30. Rb6 Ra7 31. Nc6 Bd8 32. Rb8 Ba5 33. Rxf8+ Kxf8 34. Nxa5 Bxe2 35. Rxe2 Rxa5 36. Rd2 Rxa3 37. Bf1 Rc3 38. Kg2 Ke7 39. Ba6 Kd6 40. Bb7 h6 41. f4 d3 42. Be4 c4 43. Kf2 Kc5 44. Ke3 h5 45. Bf5 Rc1 46. Bxd3 Rc3 47. Ke4 cxd3 48. Rxd3 f5+ 49. Ke3 Kc4 50. Rxc3+ Kxc3 51. h3 Kc4 52. Kf3 Kd5 53. g4 fxg4+ 54. hxg4 hxg4+ 55. Kxg4 Ke4 56. Kg5 f5 57. Kh4 Kxf4 58. Kh3 Kf3 59. Kh2 Kf2 0-1

[Event "Saint Louis SPICE Cup op 12th"]
[Site "Saint Louis"]
[Date "2018.10.27"]
[Round "7"]
[White "Watson, John L"]
[Black "Shoykhet, Benjamin Effron"]
[Result "1-0"]
[WhiteElo "2203"]
[BlackElo "1855"]
[PlyCount "91"]
[EventDate "2018.10.23"]
[EventType "swiss"]
[EventRounds "9"]
[EventCountry "USA"]
[SourceTitle "CBM 187 Extra"]
[Source "ChessBase"]
[SourceDate "2018.11.04"]
[SourceVersion "1"]
[SourceVersionDate "2018.11.04"]
[SourceQuality "1"]

1. d4 Nf6 2. c4 c5 3. Nf3 cxd4 4. Nxd4 Nc6 5. Nc3 g6 6. g3 Bg7 7. Bg2 0-0 8. 0-0 d6 9. Nc2 Be6 10. Nd5 Rc8 11. Bg5 Ne5 12. Bxf6 exf6 13. b3 f5 14. Qd2 Bxd5 15. Qxd5 Rc7 16. Rad1 Rd7 17. Qd2 Re8 18. h3 Qb6 19. Kh1 a5 20. Ne3 Nc6 21. Nd5 Qc5 22. e3 Nb4 23. Nf4 Ra8 24. Rc1 Ra6 25. Rfd1 Be5 26. a3 Nc6 27. b4 axb4 28. Nd3 Qb6 29. axb4 Ra8 30. b5 Nb8 31. Nb4 Ra4 32. Nd3 Ra8 33. Rc2 Rc7 34. c5 Qa5 35. Qxa5 Rxa5 36. Nxe5 dxe5 37. Rd8+ Kg7 38. b6 Rcxc5 39. Rxc5 Rxc5 40. Rxb8 Rb5 41. Rxb7 e4 42. Bf1 Rb1 43. Kg2 Rb4 44. Rb8 Kf6 45. b7 Ke7 46. Ba6 1-0

[Event "Saint Louis SPICE Cup op 12th"]
[Site "Saint Louis"]
[Date "2018.10.24"]
[Round "2"]
[White "Shoykhet, Benjamin Effron"]
[Black "Ghazarian, Kirk Vagho"]
[Result "0-1"]
[WhiteElo "1855"]
[BlackElo "2222"]
[PlyCount "82"]
[EventDate "2018.10.23"]
[EventType "swiss"]
[EventRounds "9"]
[EventCountry "USA"]
[SourceTitle "CBM 187 Extra"]
[Source "ChessBase"]
[SourceDate "2018.11.04"]
[SourceVersion "1"]
[SourceVersionDate "2018.11.04"]
[SourceQuality "1"]

1. c4 c5 2. g3 g6 3. Bg2 Bg7 4. Nf3 Nc6 5. Nc3 d6 6. 0-0 Nh6 7. d4 cxd4 8. Bxh6 Bxh6 9. Nxd4 Bd7 10. Nxc6 bxc6 11. b3 0-0 12. Qd3 Rb8 13. e4 Qa5 14. Rfe1 Bg7 15. Rec1 f5 16. c5 Qxc5 17. Rab1 Qxf2+ 18. Kh1 Qd4 19. Qxd4 Bxd4 20. Ne2 Be5 21. Rd1 fxe4 22. Bxe4 Bg4 23. Re1 d5 24. Bg2 Bg7 25. Rbc1 Bd7 26. Nf4 e5 27. Nd3 e4 28. Nc5 Bf5 29. h3 h5 30. Red1 Be5 31. Na6 Rb6 32. Nc5 Rf6 33. Rf1 Kg7 34. Na4 Rb8 35. Nc3 Bxg3 36. Ne2 Be5 37. h4 d4 38. Rc5 Rb5 39. Rcc1 e3 40. Rxc6 Rxc6 41. Bxc6 Rc5 0-1

[Event "Saint Louis SPICE Cup op 11th"]
[Site "Saint Louis"]
[Date "2017.10.24"]
[Round "6.24"]
[White "Shoykhet, Benjamin Effron"]
[Black "Tsay, Vincent"]
[Result "0-1"]
[WhiteElo "1819"]
[BlackElo "2265"]
[PlyCount "100"]
[EventDate "2017.10.21"]
[EventType "swiss"]
[EventRounds "9"]
[EventCountry "USA"]
[SourceTitle "CBM 181 Extra"]
[Source "ChessBase"]
[SourceDate "2017.12.12"]
[SourceVersion "1"]
[SourceVersionDate "2017.12.12"]
[SourceQuality "1"]

1. c4 e6 2. g3 d5 3. Bg2 dxc4 4. Qa4+ Nd7 5. Nf3 a6 6. Qxc4 b5 7. Qe4 Rb8 8. Nd4 Ne7 9. Qc2 c5 10. Nf3 Bb7 11. b3 Nc6 12. Bb2 Nf6 13. 0-0 Be7 14. Nc3 0-0 15. Rac1 Qd7 16. Rfd1 Rbc8 17. Qb1 Rfd8 18. e3 Rc7 19. d4 cxd4 20. Nxd4 Qc8 21. Nxc6 Bxc6 22. Bxc6 Rxc6 23. Rxd8+ Bxd8 24. Ne2 Nd5 25. Rxc6 Qxc6 26. Nd4 Qd7 27. e4 Ne7 28. Qc2 Bb6 29. Qc3 f6 30. Kg2 Kf7 31. Nf3 e5 32. a4 Qd1 33. axb5 axb5 34. Ba3 Qe2 35. Bc5 Bxc5 36. Qxc5 g5 37. h3 h5 38. Nxg5+ fxg5 39. Qxe5 Qd3 40. Qxg5 Qxe4+ 41. Kg1 Qf5 42. Qh4 Nc6 43. g4 Ne5 44. gxf5 Nf3+ 45. Kf1 Nxh4 46. Ke2 Nxf5 47. Kd3 h4 48. Ke4 Ke6 49. b4 Ne7 50. Kd4 Kd6 0-1

[Event "Saint Louis SPICE Cup op 11th"]
[Site "Saint Louis"]
[Date "2017.10.21"]
[Round "1"]
[White "Rahul, Srivatshav P"]
[Black "Shoykhet, Benjamin Effron"]
[Result "1-0"]
[WhiteElo "2373"]
[BlackElo "1819"]
[PlyCount "83"]
[EventDate "2017.10.21"]
[EventType "swiss"]
[EventRounds "9"]
[EventCountry "USA"]
[SourceTitle "CBM 181 Extra"]
[Source "ChessBase"]
[SourceDate "2017.12.12"]
[SourceVersion "1"]
[SourceVersionDate "2017.12.12"]
[SourceQuality "1"]

1. d4 d5 2. Bf4 Nf6 3. e3 Bf5 4. c4 dxc4 5. Bxc4 e6 6. Qb3 Nbd7 7. Nc3 Nb6 8. Be2 c6 9. Nf3 Bd6 10. Ne5 0-0 11. 0-0 h6 12. Rfd1 Qe7 13. Bf3 Nbd5 14. Bg3 Nxc3 15. bxc3 Ne4 16. Nc4 Bxg3 17. hxg3 Rfd8 18. a4 Ng5 19. a5 Nxf3+ 20. gxf3 Rab8 21. e4 Bg6 22. a6 Bh5 23. Kg2 Qf6 24. Ne5 bxa6 25. Qc4 c5 26. g4 cxd4 27. Nc6 Rbc8 28. gxh5 e5 29. Rxa6 Rc7 30. cxd4 Rd6 31. d5 Qg5+ 32. Kf1 Rf6 33. Ke2 Qxh5 34. Qd3 Rb7 35. Ra2 Rd7 36. Rxa7 Rdd6 37. Ne7+ Kh7 38. Nf5 Rb6 39. d6 g6 40. d7 gxf5 41. d8Q fxe4 42. Qxe4+ 1-0